000 00584cab a2200229 4500
001 X1778
008 090401t1994 xxu||||| |||| 00| 0 eng d
035 _a(Sirsi) u19206
041 _aeng
100 _aEntreken, H.C.
245 _aAnalysis of land value under differing land use restrictions
260 _c1994
350 _a0
490 _aAppraisal Journal
_v62(4) October 1994, 596-599(4)
650 _aCONCURRENCY LAWS
650 _aFLORIDA
650 _aLAND VALUE
690 _aRATING AND VALUATION
700 _aBoyle, J.J.
942 _n0
948 _c04/03/1997
999 _c12797
_d12797